[Event "North American-ch U20"]
[Site "Mexico City"]
[Date "2022.12.05"]
[Round "8"]
[White "Hernandez Luna, Jose Angel"]
[Black "Taylor Rodriguez, Juan Jose"]
[Result "1-0"]
[WhiteElo "1986"]
[BlackElo "1994"]
[PlyCount "63"]
[EventDate "2022.12.02"]
[EventType "swiss"]
[EventRounds "9"]
[EventCountry "MEX"]
[SourceTitle "EXT 2024"]
[Source "ChessBase"]
[SourceDate "2023.10.10"]
[SourceVersion "1"]
[SourceVersionDate "2023.10.10"]
[SourceQuality "1"]

1. e4 e5 2. Nf3 Nc6 3. Bb5 Nf6 4. d3 d6 5. c3 Be7 6. 0-0 0-0 7. Nbd2 Bg4 8. Re1 a6 9. Ba4 Bh5 10. Nf1 b5 11. Bc2 d5 12. Qe2 d4 13. Ng3 Bg6 14. a3 Nh5 15. Nf5 Qd7 16. g4 Nf6 17. h3 Rfe8 18. Ng3 a5 19. Kg2 Bc5 20. Nh4 dxc3 21. bxc3 b4 22. g5 bxc3 23. gxf6 Nd4 24. Qd1 gxf6 25. Be3 Reb8 26. Bxd4 Qxd4 27. Qf3 Rb2 28. Re2 Ra6 29. a4 Bf8 30. Qg4 Kh8 31. Qc8 Qc5 32. Qxa6 1-0

[Event "Pan American-ch Amateur U2000"]
[Site "San Jose"]
[Date "2019.10.??"]
[Round "4"]
[White "Aoyama, Edmundo"]
[Black "Hernandez Luna, Jose Angel"]
[Result "1/2-1/2"]
[WhiteElo "1828"]
[BlackElo "1819"]
[PlyCount "65"]
[EventDate "2019.10.23"]
[EventType "swiss"]
[EventRounds "9"]
[EventCountry "CRI"]
[SourceTitle "EXT 2024"]
[Source "ChessBase"]
[SourceDate "2023.10.10"]
[SourceVersion "1"]
[SourceVersionDate "2023.10.10"]
[SourceQuality "1"]

1. Nf3 c5 2. b3 Nc6 3. Bb2 d5 4. e3 a6 5. c4 d4 6. exd4 cxd4 7. d3 e5 8. Nbd2 f6 9. a3 a5 10. g3 Nh6 11. Bg2 Be7 12. 0-0 0-0 13. Qc2 Be6 14. Rfe1 Bf7 15. Rad1 Qc7 16. Bc1 Bh5 17. Nf1 Nf7 18. h3 f5 19. N1h2 Qd7 20. Bb2 Rfe8 21. Rb1 Bc5 22. Nd2 h6 23. Bd5 Kf8 24. Bf3 Bxf3 25. Nhxf3 Qd6 26. Nh4 Qf6 27. Qd1 g5 28. Ng2 Nd6 29. Qf3 Rac8 30. Qd5 b6 31. Re2 Red8 32. Qf3 Kg7 33. Ne1 1/2-1/2

[Event "Pan American-ch U16"]
[Site "San Jose"]
[Date "2017.07.02"]
[Round "3"]
[White "Hernandez Luna, Jose Angel"]
[Black "Gonzales Curse, Flavio"]
[Result "1-0"]
[WhiteElo "1815"]
[BlackElo "2111"]
[PlyCount "95"]
[EventDate "2017.07.01"]
[EventType "swiss"]
[EventRounds "9"]
[EventCountry "CRI"]
[SourceTitle "EXT 2022"]
[Source "ChessBase"]
[SourceDate "2021.10.06"]
[SourceVersion "1"]
[SourceVersionDate "2021.10.06"]
[SourceQuality "1"]

1. e4 c5 2. Nf3 d6 3. d4 cxd4 4. Nxd4 Nf6 5. f3 e5 6. Nb3 Be6 7. c4 Be7 8. Be3 0-0 9. Be2 Nh5 10. 0-0 Nf4 11. Nc3 Bg5 12. Bf2 Nc6 13. Nd5 Bxd5 14. cxd5 Ne7 15. Re1 f5 16. Bf1 fxe4 17. fxe4 Qd7 18. Be3 Neg6 19. Kh1 h6 20. g3 Nh3 21. Qh5 Rxf1+ 22. Rxf1 Bxe3 23. Qxg6 Nf2+ 24. Rxf2 Bxf2 25. Rf1 Rf8 26. Kg2 Bb6 27. Rf5 Rxf5 28. exf5 Qf7 29. Qe6 Qxe6 30. fxe6 Kf8 31. Kf3 Ke7 32. Nd2 Bd4 33. Nc4 b5 34. Na5 Bxb2 35. Nc6+ Kf6 36. Nxa7 b4 37. Nc6 Bc3 38. g4 g6 39. h3 Be1 40. Ke4 h5 41. g5+ Kg7 42. Nd8 Kf8 43. Nf7 Bh4 44. Nxd6 Bxg5 45. Nf7 Bf6 46. Nxe5 g5 47. Kf5 Bxe5 48. Kxe5 1-0

[Event "Pan American-ch U14"]
[Site "Cali"]
[Date "2015.06.30"]
[Round "4"]
[White "Hernandez Luna, Jose Angel"]
[Black "Kelly, Joey M"]
[Result "0-1"]
[WhiteElo "1692"]
[BlackElo "2077"]
[PlyCount "50"]
[EventDate "2015.06.28"]
[EventType "swiss"]
[EventRounds "9"]
[EventCountry "COL"]
[SourceTitle "EXT 2016"]
[Source "ChessBase"]
[SourceDate "2015.10.08"]
[SourceVersion "1"]
[SourceVersionDate "2015.10.08"]
[SourceQuality "1"]

1. e4 c5 2. Nc3 Nc6 3. Bc4 Nf6 4. d3 e6 5. Bg5 Be7 6. Nge2 0-0 7. f4 d5 8. Bb5 d4 9. Bxc6 dxc3 10. e5 cxb2 11. Rb1 bxc6 12. exf6 Bxf6 13. Bxf6 Qxf6 14. 0-0 Rb8 15. Qd2 Qd8 16. Qc3 Qb6 17. Kh1 Ba6 18. Rfe1 Rfd8 19. Qa3 c4 20. d4 c5 21. c3 cxd4 22. Nxd4 Rd5 23. h3 Ra5 24. Qe7 Bb7 25. Nc6 Bxc6 0-1